000 00549nam a2200217 a 4500
999 _c4265
_d4265
001 4265
003 BD-JhCC
005 20171125185003.0
008 171125s1964 e a|||| || | 000 0 eng d
035 _a(BD-JhCC)4265
040 _aBD-JhCC
_dBD-JhCC
041 _aeng
082 _a822.33
_bCHA 1964
100 _aCharlton, J. M.
245 _aModern One-Act Plays for Schools /
_cJ. M. Charlton,
260 _aLondon :
_bOdhams Books Ltd,
_c1964
300 _a168 p. :
_c18 cm.
650 _aEnglish Drama
942 _2ddc
_cBK